000 00638nam a2200217 4500
003 OSt
005 20240621071405.0
006 a
008 240621b |||||||| |||| 00| 0 eng d
020 _a9780071078672
040 _aDWCL-Main lib.
_cOC
082 _2Seventh edition
_aCirc. 621.31924 P486e 2010
100 _aPethebridge, Keith
245 _aElectrical Wiring Practice Volume 1 /
250 _aSeventh edition
260 _aSydney :
_bMcGraw-Hill ,
_cc2010.
300 _axiv,
_b306 p. : ill. ;
_c28 cm.
504 _aIncludes index.
650 _a1. Electrical Wiring.
942 _2ddc
_n0
_cBK-CIRC
_kCirc.
_eSeventh edition
999 _c1084
_d1084